banner koha

Endemic Atlantic Forest species of Caryophyllales as inhibitors of viral infection in zucchini (Registro n. 338073)

MARC details
000 -LÍDER
fixed length control field 06271nab a2200361 i 4500
003 - CÓDIGO MARC DA AGÊNCIA CATALOGADORA
Campo de controle BR-BrBNA
005 - DATA E HORA DA ÚLTIMA ATUALIZAÇÃO
Campo de controle 20250909100529.0
008 - CAMPO DE TAMANHO FIXO
fixed length control field 250909b2021 bl.qr|pooa||| 00| 0 eng |
040 ## - FONTE DA CATALOGAÇÃO
Agência catalogadora BR-BrBNA
Idioma da catalogação eng
072 ## - CATEGORIA AGRIS
Código AGRIS H20
Código do objeto 1823
072 ## - CATEGORIA AGRIS
Código AGRIS H01
100 ## - ENTRADA PRINCIPAL - NOME PESSOAL
Nome pessoal Pereira, Marcos Vinicius M
100 ## - ENTRADA PRINCIPAL - NOME PESSOAL
Nome pessoal Alexandre, Maria Amélia V
100 ## - ENTRADA PRINCIPAL - NOME PESSOAL
Nome pessoal Chaves, Alexandre Levi R
100 ## - ENTRADA PRINCIPAL - NOME PESSOAL
Nome pessoal Souza, Ana Cláudia O de
100 ## - ENTRADA PRINCIPAL - NOME PESSOAL
Nome pessoal Bernacci, Luís Carlos
100 ## - ENTRADA PRINCIPAL - NOME PESSOAL
Nome pessoal Nagai, Alice
100 ## - ENTRADA PRINCIPAL - NOME PESSOAL
Nome pessoal Santos, Déborah Yara AC dos
100 ## - ENTRADA PRINCIPAL - NOME PESSOAL
Nome pessoal Duarte, Lígia Maria L
245 ## - TÍTULO PRINCIPAL
Título principal Endemic Atlantic Forest species of Caryophyllales as inhibitors of viral infection in zucchini
500 ## - NOTA GERAL
Nota geral Publicação online; 35 ref.; 5 illus.; Summaries (En, Pt)
942 ## - ADDED ENTRY ELEMENTS (KOHA)
Koha item type Analítica
520 ## - NOTA DE RESUMO
Nota de conteúdo <br/><br/><br/>ABSTRACT: In Brazil, zucchini (Cucurbita pepo) is a socioeconomically important vegetable affected by damage caused primarily by zucchini yellow mosaic virus (ZYMV). Although the occurrence of cucumber mosaic virus (CMV) is less frequent, in C. pepo ‘Caserta’ plants it can cause symptoms such as mottle, mosaic, leaf and fruit distortion, as well as reduced plant development. To minimize the damage, the most widely used management technique is the preventive, albeit inefficient, application of insecticides, aimed at controlling aphids, the vectors of this virus. Thus, the search for more effective and less environmentally harmful control methods has been the target of investigations. The purpose of the present study was to assess the action of the extracts of four native Caryophyllales species, as inhibitors of infection by CMV and ZYMV in C. pepo, in addition to evaluating the possible induced resistance in this species. Fresh leaf extracts (LEs) of Guapira opposita, Pisonia ambigua (Nyctaginaceae), Gallesia integrifolia and Seguieria langsdorffii (Phytolaccaceae), previously assessed in the tobacco mosaic virus / Nicotiana glutinosa pathosystem, were submitted to progressive dilutions sprayed on cotyledonary C. pepo leaves 30 min before inoculation with CMV and ZYMV. Leaf extracts of G. integrifolia did not induce inhibition in any of the pathosystems assessed. Guapira opposita LEs inhibited the infection of plants inoculated with ZYMV below 50% but inhibited CMV infection by 70% at a concentration of 1:40. Given that leaf extracts of P. ambigua and S. langsdorffii induced high percentage inhibition, evident in the number of asymptomatic plants and confirmed by serological tests, these species were selected to assess induced resistance in pre-treatment experiments. The LEs were efficient in inhibiting ZYMV and CMV infection in C. pepo when applied up to 48 h before inoculation. The LEs of S. langsdorffii and G. opposita, also tested for this system, were efficient when applied up to 72 h before CMV inoculation. The LEs can be prepared from dry leaves and maintained at -20°C for at least three years, conserving their inhibitory activity. These results expand the possibilities for producers and consumers alike in the sustainable management of the main zucchini viruses, without damaging the environment. <br/><br/><br/>Keywords: Cucurbita pepo, Cucumovirus, Potyvirus, alternative control, antiviral.
520 ## - NOTA DE RESUMO
Nota de conteúdo <br/><br/><br/>RESUMO: No Brasil, a abobrinha-de-moita (Cucurbita pepo L.) é uma olerícola de importância socioeconômica que tem sofrido prejuízos crescentes, devido principalmente aos danos causados pela infecção pelo zucchini yellow mosaic virus (ZYMV). Embora a ocorrência do cucumber mosaic virus (CMV) seja menos frequente, em plantas de C. pepo ‘Caserta’ ele pode causar sintomas como mosqueado, mosaico, distorção de folhas e frutos, além de redução do desenvolvimento das plantas. Para minimizar o prejuízo, a medida de manejo mais utilizada é a aplicação preventiva, porém ineficiente, de inseticidas, visando ao controle da população de afídeos, vetores desses vírus. Assim, a busca por formas de controle ambientalmente menos danosas tem sido alvo de investigação. Este estudo visou avaliar a ação de extratos foliares de espécies nativas de Caryophyllales, como inibidoras da infecção pelo CMV e ZYMV em C. pepo e como indutoras de resistência. Extratos de folhas frescas (EFs) de Guapira opposita, Pisonia ambigua (Nyctaginaceae), Gallesia integrifolia e Seguieria langsdorffii (Phytolaccaceae), previamente avaliados no patossistema tobacco mosaic virus / Nicotiana glutinosa, foram submetidos a diluições progressivas e pulverizados em folhas cotiledonares de C. pepo, 30 min antes da inoculação com o CMV e ZYMV. EFs de G. integrifolia não induziram qualquer inibição em nenhum dos patossistemas. EFs de G. opposita induziram inibição da infecção das plantas inoculadas com o ZYMV inferior a 50%. Na concentração de 1:40, inibiu a infecção das plantas pelo CMV em 70%. Como os extratos foliares de P. ambigua e S. langsdorffii induziram altas porcentagens de inibição, essas espécies foram selecionadas para avaliação de indução de resistência, em experimentos de prétratamentos. Os EFs inibiram a infecção de ZYMV e CMV em C. pepo, quando aplicados até 48 h antes da inoculação. Os EFs de S. langsdorffii e G. opposita, também testada para esse sistema, foram eficientes quando aplicados até 72 h antes da inoculação do CMV. Constatou-se que os EFs podem ser preparados a partir de folhas secas e mantidos a -20°C por, pelo menos três anos, conservando a sua atividade inibidora. Esses resultados expandem as possibilidades de manejo das principais viroses da abobrinha-de-moita, de maneira sustentável, sem causar danos ao ambiente, aos produtores e aos consumidores. <br/><br/><br/>Palavras-chave: Cucurbita pepo, Cucumovirus, Potyvirus, controle alternativo, antiviral
650 ## - ASSUNTO - THESAGRO
Cabeçalho tópico ou nome geográfico ABÓBORA
650 ## - ASSUNTO - THESAGRO
Cabeçalho tópico ou nome geográfico DOENÇA DE PLANTA
650 ## - ASSUNTO - THESAGRO
Cabeçalho tópico ou nome geográfico PERDA DA PRODUÇÃO
650 ## - ASSUNTO - THESAGRO
Cabeçalho tópico ou nome geográfico CONTROLE ALTERNATIVO
650 ## - ASSUNTO - THESAGRO
Cabeçalho tópico ou nome geográfico DEFESA VEGETAL
773 0# - ENTRADA ANALÍTICA
Host Biblionumber 1047
Registro do item 357746
Imprenta Brasília-DF Sociedade de Olericultura do Brasil 1983
Outro identificador 2025-5711
Título Horticultura Brasileira (Brazil)
ISSN 0102-0536
Colação v. 39(2) p. 146-154; (2021)
Número de controle de registro BR2025001898
856 ## - ACESSO E ENDEREÇO ELETRÔNICO
Identificador uniforme de recurso - URI https://www.scielo.br/j/hb/a/GH6dNjMxsRLx7P4dHHBbyKd/?format=pdf&lang=en

Nenhum exemplar disponível.

BINAGRI

Telefone: (61)3218-2567/2388/3357/2097 - binagri@agro.gov.br

Ministério da Agricultura e Pecuária , Esplanada dos Ministérios, Bloco D, Anexo B, Brasília/DF, CEP: 70.043-900